000 00891 a2200229 4500
001 47735
005 20260407155743.0
008 260407a1995 arg spa d
003 AR-UNSa-BCEJYS
040 _aAR-UNSa-BCEJYS
_bspa
_cAR-UNSa-BCEJYS
080 _a330.101.541
_xMacroeconomía
245 1 0 _aA Critical Essay on Modern Macroeconomic Theory
020 _a0-262-58154-X
264 1 _aLondon :
_bMassachusetts Institute of Technology
_c1995
300 _a158 p.
_c23 cm.
505 _a1. Introduction - 2. Perfectly Flexible Wages - 3. Imperfect wage flexibility - 4. Imperfect Competition - 5. The Labor Market - 6. Macroeconomics - 7. Conclusions.
942 _cBK
590 _aniveau_biblio:m niveau_hierar:0
100 1 _aSolow, Robert M.
700 1 _aHahn, Frank
856 4 1 _uhttps://www.biblioeco.unsa.edu.ar/pmb/images/libros/L127652.jpg
_yImagen de portada
_qimage/jpeg
999 _c4448
_d4448